=LDR 00000nam 2200000 4500 =001 INLIS000000000050655 =005 20170510123108 =035 ##$$a 0010-0517000308 =007 ta =008 170510###########################0###### =020 ##$$a 978-979-002-681-0 =082 ##$$a 712.6 =084 ##$$a 712.6 LES t =100 #$$a Lestari, Garsinia =245 1#$$a Tanaman Hias Lengkap /$c Garsinia Lestari =250 ##$$a Cet.1 =260 ##$$a Jakarta :$b Penebar Swadaya,$c 2015 =300 ##$$a iv, 344 hlm. : $b Ilus ; $c 23 cm. =650 ##$$a TANAMAN =990 ##$$a 83038303 =990 ##$$a 83038303 =990 ##$$a 31700939 =990 ##$$a 02201708303 =990 ##$$a 31700940 =990 ##$$a 31700939